000 00608nam a2200253Ia 4500
003 OSt
005 20221005124225.0
006 a|||||r|||| 00| 0
007 ta
008 221004b |||||||| |||| 00| 0 tam d
024 _a47315
037 _cTextual
040 _aCRL
_cCRL
_btam
041 _2tam
_atam
082 _aNW:g, 31P3
100 _aRavi Kumar Ed.
245 0 _aMigai naadum kalai
260 _c2003
300 _a238p.
_ccm.
650 _a MOTION PICTURES
_927571
650 _aARTS
942 _hNW:g, 31P3
_cTEXL
_2cc
999 _c1049793
_d1049793